|
|
|
|
| LEADER |
00000nas a2200000 a 4500 |
| 001 |
ssj0002466 |
| 003 |
WaSeSS |
| 005 |
20200512172242.0 |
| 006 |
m d |
| 007 |
cr n |
| 008 |
841205c19829999vauwr p s 0 a0eng c |
| 010 |
|
|
|a sn 88002612
|
| 022 |
|
|
|l 1040-5402
|y 1040-5402
|
| 035 |
|
|
|a (WaSeSS)ssj0002466
|
| 037 |
|
|
|b Phillips Pub., 1925 N. Lynn St., Suite 304, Arlington, VA 22209
|
| 040 |
|
|
|a YFB
|b eng
|c YFB
|d NSD
|d NYP
|d OCLCQ
|d AU@
|d OCLCQ
|d OCLCO
|d OCLCF
|d OCLCQ
|d WaSeSS
|
| 042 |
|
|
|a pcc
|
| 082 |
1 |
4 |
|a 387
|2 11
|
| 210 |
0 |
|
|a Commut./reg. airl. news
|
| 222 |
|
0 |
|a Commuter/regional airline news
|
| 245 |
0 |
0 |
|a Commuter/regional airline news
|h [electronic resource].
|
| 246 |
1 |
3 |
|a C/R news
|
| 260 |
|
|
|a Arlington, VA :
|b Airline Media Associates
|
| 310 |
|
|
|a Weekly
|
| 362 |
1 |
|
|a Began in 1982.
|
| 500 |
|
|
|a Publisher: Phillips Pub., <Jan. 21, 1991->
|
| 506 |
|
|
|a License restrictions may limit access.
|
| 588 |
|
|
|a Description based on: Vol. 6, no. 30 (July 4, 1988); title from caption.
|
| 588 |
|
|
|a Latest issue consulted: Vol. 9, no. 3 (Jan. 21, 1991) (surrogate).
|
| 650 |
|
0 |
|a Local service airlines
|v Periodicals.
|
| 650 |
|
0 |
|a Commuter aircraft
|v Periodicals.
|
| 650 |
|
7 |
|a Commuter aircraft.
|2 fast
|0 (OCoLC)fst00871209
|
| 650 |
|
7 |
|a Local service airlines.
|2 fast
|0 (OCoLC)fst01001482
|
| 655 |
|
0 |
|a Electronic journals.
|
| 850 |
|
|
|a NN
|
| 856 |
4 |
0 |
|z Full text available from Research Library: 01/09/1995 to 01/10/2005
|u https://search.proquest.com/publication/28983
|